000 00396nam a2200145 i 4500
001 bg
245 0 _aĆwiczenia laboratoryjne z chemii fizycznej :
_bpraca zbiorowa /
_cpod red. H. Strzeleckiego.
260 _aGdańsk,
_c1985.
700 1 _aStrzelecki, Henryk.
_eRed.
040 _cBPK
041 _apol
080 _a541.1(075.8)(076)
942 _cKS
008 s pl f |000 0 pol
999 _c2585
_d2585
856 _uhttp://koha.tu.koszalin.pl/cgi-bin/koha/opac-detail.pl?biblionumber=2585
_yKatalog online BPK